000 00585nam a2200181 i 4500
001 70069
003 ES-MaACL
005 20230906170718.0
007 t|
008 040716s1950 sp ||||1| spa d
100 1 _aGarcía Moreno, Melchor.
_955001
245 1 0 _aEnsayo de bibliografía e iconografía del Carlismo español /
_cpor Melchor García Moreno.
260 _aMadrid :
_b[s.n.],
_c1950 (
_fGráf. González)
300 _a103 p., 91 lám. ;
_c25 cm.
650 0 4 _aCarlismo-
_xHistoria.
_910782
852 _aES-MaACL
_jD-7188
_bR.30644
852 _aES-MaACL
_jC-5690
_bR.34735
999 _c70069
_d70069